Economía del desarrollo (Record no. 131529)
[ view plain ]
| 000 -LEADER | |
|---|---|
| fixed length control field | 00707nam a2200217 4500 |
| 005 - DATE AND TIME OF LATEST TRANSACTION | |
| control field | 20250711135101.0 |
| 008 - FIXED-LENGTH DATA ELEMENTS--GENERAL INFORMATION | |
| fixed length control field | s sp ad||gr|||| 00| 0 spa|d |
| 020 ## - INTERNATIONAL STANDARD BOOK NUMBER | |
| International Standard Book Number | 8481551872 |
| 050 04 - LIBRARY OF CONGRESS CALL NUMBER | |
| Classification number | HD75 |
| Item number | A73 1996 |
| 100 1# - MAIN ENTRY--PERSONAL NAME | |
| Personal name | Arasa Medina, Carmen |
| 245 10 - TITLE STATEMENT | |
| Title | Economía del desarrollo |
| Statement of responsibility, etc | / Carmen Arasa Medina, José Miguel Andreu. |
| 250 ## - EDITION STATEMENT | |
| Edition statement | 1a ed. |
| 260 ## - PUBLICATION, DISTRIBUTION, ETC. (IMPRINT) | |
| Place of publication, distribution, etc | Madrid : |
| Name of publisher, distributor, etc | DYKINSON, |
| Date of publication, distribution, etc | 1996 |
| 300 ## - PHYSICAL DESCRIPTION | |
| Extent | 445 p. : |
| Other physical details | il. ; |
| Dimensions | 24 cm. |
| 504 ## - BIBLIOGRAPHY, ETC. NOTE | |
| Bibliography, etc | Incluye bibliografías |
| 650 #4 - SUBJECT ADDED ENTRY--TOPICAL TERM | |
| Topical term or geographic name as entry element | Crecimiento económico |
| General subdivision | Teoría |
| -- | Método |
| Geographic subdivision | |
| 650 #4 - SUBJECT ADDED ENTRY--TOPICAL TERM | |
| Topical term or geographic name as entry element | Desarrollo económico |
| General subdivision | Finanzas |
| 650 #4 - SUBJECT ADDED ENTRY--TOPICAL TERM | |
| Topical term or geographic name as entry element | Economía del desarrollo |
| General subdivision | Política económica |
| 700 1# - ADDED ENTRY--PERSONAL NAME | |
| Relator code | Andreu, José Miguel |
| Relator term | autor |
| 942 ## - ADDED ENTRY ELEMENTS (KOHA) | |
| Source of classification or shelving scheme | Biblioteca del Cogreso de los Estados Unidos |
| Koha item type | Libro |
| Estado de pérdida | Fuente de clasificación | Estado del daño | No para préstamo | Ubicación permanente | Ubicación actual | Apartado o colección | Fecha de adquisición | Fuente de adquisición | Edición | Enumeración de Serie / Cronológica | Dependencia de educación superior (DES) | Área del conocimiento | Clasificación | Código de Barras | Date last seen | Número de copia | Costo por reposición | Tipo de recurso |
|---|---|---|---|---|---|---|---|---|---|---|---|---|---|---|---|---|---|---|
| Biblioteca del Cogreso de los Estados Unidos | Uso interno Biblioteca | Biblioteca de la Facultad de Economía | Biblioteca de la Facultad de Economía | General | 11/07/2025 | FOMES 2003 | 1a ed. | Ciencias Económico Administrativas | Ciencias Sociales y Administrativas | HD75 A73 1996 | BFE000010930 | 31/03/2017 | 1 | 1.00 | Libro |